Panenská firma a jej originálny líder
Veľká predstavivosť ako hlavný stimul rozvoja podnikania britského miliardára Richarda Bransona. 350 firiem rôzneho zamerania súčasťou spoločnosti Virgin Group. Začiatky podnikania v médiách. Princípy podnikania. Neustále v centre pozornosti. Perspektívny plán - turistické lety do vesmíru.
Uložené v:
| Hlavný autor: | |
|---|---|
| Médium: | Kapitola |
| Jazyk: | Slovak |
| Predmet: | |
| Tagy: |
Žiadne tagy, Buďte prvý, kto otaguje tento záznam!
|
MARC
| LEADER | 00000naa$a2200000$$$4500 | ||
|---|---|---|---|
| 001 | 0055168 | ||
| 005 | 20231009072058.0 | ||
| 041 | 0 | |a slo | |
| 044 | |a SK | ||
| 245 | 1 | 0 | |a Panenská firma a jej originálny líder |c Peter Kráľovič |
| 520 | |a Veľká predstavivosť ako hlavný stimul rozvoja podnikania britského miliardára Richarda Bransona. 350 firiem rôzneho zamerania súčasťou spoločnosti Virgin Group. Začiatky podnikania v médiách. Princípy podnikania. Neustále v centre pozornosti. Perspektívny plán - turistické lety do vesmíru. | ||
| 610 | 2 | 0 | |a podnikatelia |
| 610 | 2 | 0 | |a podnikanie |
| 610 | 2 | 0 | |a spoločnosti |
| 610 | 2 | 0 | |a značky výrobkov |
| 610 | 2 | 0 | |a doprava letecká |
| 610 | 2 | 0 | |a obchod |
| 610 | 2 | 0 | |a trh |
| 610 | 2 | 0 | |a Veľká Británia |
| 100 | 1 | |a Kráľovič, Peter | |